书目信息 |
| 题名: |
影视美学教程
|
|
| 作者: | 史可扬 著 | |
| 分册: | ||
| 出版信息: | 北京 北京师范大学出版社 2006 |
|
| 页数: | 295页 | |
| 开本: | 23cm | |
| 丛书名: | ||
| 单 册: | ||
| 中图分类: | J901 | |
| 科图分类: | ||
| 主题词: | 电影美学--高等学校--教材 , 电视--艺术美学--高等学校--教材 , 电影美学 , 电视 , 艺术美学 | |
| 电子资源: | ||
| ISBN: | 978-7-303-07197-5 | |
| 000 | 00964oam2 2200301 45 | |
| 001 | 1029866238 | |
| 005 | 20100429090646.85 | |
| 010 | @a978-7-303-07197-5@dCNY30.00 | |
| 100 | @a20100420e20092006em y0chiy0120 ea | |
| 101 | 0 | @achi |
| 102 | @aCN@b110000 | |
| 105 | @ay z 000yy | |
| 106 | @ar | |
| 200 | 1 | @a影视美学教程@AYing Shi Mei Xue Jiao Cheng@f史可扬著@FShi Ke Yang Zhu |
| 205 | @a2版 | |
| 210 | @a北京@c北京师范大学出版社@d2006@h2009 | |
| 215 | @a295页@d23cm | |
| 300 | @a新世纪高等学校教材 影视艺术学科基础教程系列 | |
| 330 | @a本书内容包括:美学和影视美学、中国电影美学勾勒、影视审美特性、影视审美哲学、影视审美心理、影视审美文化、影视美学的当代课题等。 | |
| 606 | 0 | @a电影美学@x高等学校@j教材 |
| 606 | 0 | @a电视@x艺术美学@x高等学校@j教材 |
| 606 | 0 | @a电影美学 |
| 606 | 0 | @a电视 |
| 606 | 0 | @a艺术美学 |
| 690 | @aJ901@v4 | |
| 701 | 0 | @a史可扬@AShi Ke Yang@4著 |
| 801 | 0 | @aCN@bTANGWEI@c20100429 |
| 905 | @b0593357-61@dJ901@e239=2@f5 | |
| 影视美学教程/史可扬著.-2版.-北京:北京师范大学出版社,2006(2009) |
| 295页;23cm |
| 新世纪高等学校教材 影视艺术学科基础教程系列 |
| ISBN 978-7-303-07197-5:CNY30.00 |
| 本书内容包括:美学和影视美学、中国电影美学勾勒、影视审美特性、影视审美哲学、影视审美心理、影视审美文化、影视美学的当代课题等。 |
| ● |
| 相关链接 |
|
|
|
|
正题名:影视美学教程
索取号:J901/239=2
 
预约/预借
| 序号 | 登录号 | 条形码 | 馆藏地/架位号 | 状态 | 备注 |
| 1 | 0593357 | 205933579 | 第一样本阅览室/ [索取号:J901/239=2] | 在馆 | |
| 2 | 0593358 | 205933588 | 第一借阅区/ [索取号:J901/239=2] | 在馆 | |
| 3 | 0593359 | 205933597 | 第一借阅区/ [索取号:J901/239=2] | 在馆 | |
| 4 | 0593360 | 205933604 | 第一借阅区/ [索取号:J901/239=2] | 在馆 | |
| 5 | 0593361 | 205933613 | 第一借阅区/ [索取号:J901/239=2] | 在馆 |